书目信息 |
| 题名: |
城市轨道交通车辆电气控制
|
|
| 作者: | 华平 , 唐春林 编著 | |
| 分册: | ||
| 出版信息: | 北京 机械工业出版社 2015.01 |
|
| 页数: | 309页 | |
| 开本: | 26cm | |
| 丛书名: | ||
| 单 册: | ||
| 中图分类: | U239.5 | |
| 科图分类: | ||
| 主题词: | 城市铁路--铁路车辆--电气控制--高等职业教育--教材 | |
| 电子资源: | ||
| ISBN: | 978-7-111-48983-2 | |
| 000 | 00942cam0 2200241 450 | |
| 001 | 5226 | |
| 005 | 20181016164822.70 | |
| 010 | @a978-7-111-48983-2@dCNY45.00 | |
| 100 | @a20150712d2015 em y0chiy50 ea | |
| 101 | 0 | @achi |
| 102 | @aCN@b110000 | |
| 105 | @aa z 000yy | |
| 200 | 1 | @a城市轨道交通车辆电气控制@9cheng shi gui dao jiao tong che liang dian qi kong zhi@f华平,唐春林编著 |
| 205 | @a2版 | |
| 210 | @a北京@c机械工业出版社@d2015.01 | |
| 215 | @a309页@c图@d26cm | |
| 330 | @a全书共分为六个项目,内容包括:城市轨道交通车辆电气控制系统构成,城市轨道交通车辆牵引传动系统,城市轨道交通车辆牵引与制动控制系统,城市轨道交通车辆辅助供电系统,城市轨道交通车辆车门控制系统、城市轨道交通电动列车管理服务系统。 | |
| 606 | 0 | @a城市铁路@x铁路车辆@x电气控制@x高等职业教育@j教材 |
| 690 | @aU239.5@v5 | |
| 701 | 0 | @a华平@9hua ping@4编著 |
| 701 | 0 | @a唐春林@9Tang Chun Lin@4编著 |
| 801 | 0 | @aCN@b91MARC@c20150712 |
| 905 | @aMuseLib@dU239.5@e789=2 | |
| 城市轨道交通车辆电气控制/华平,唐春林编著.-2版.-北京:机械工业出版社,2015.01 |
| 309页:图;26cm |
| ISBN 978-7-111-48983-2:CNY45.00 |
| 全书共分为六个项目,内容包括:城市轨道交通车辆电气控制系统构成,城市轨道交通车辆牵引传动系统,城市轨道交通车辆牵引与制动控制系统,城市轨道交通车辆辅助供电系统,城市轨道交通车辆车门控制系统、城市轨道交通电动列车管理服务系统。 |
| ● |
| 相关链接 |
|
|
|
|
正题名:城市轨道交通车辆电气控制
索取号:U239.5/789=2
 
预约/预借
| 序号 | 登录号 | 条形码 | 馆藏地/架位号 | 状态 | 备注 |
| 1 | 1128699 | 211286990 | 第二样本阅览室/ [索取号:U239.5/789=2] | 在馆 | |
| 2 | 1128700 | 211287007 | 密集书库-物理学院/ [索取号:U239.5/789=2] | 在馆 | |
| 3 | 1128701 | 211287016 | 第三借阅区/ [索取号:U239.5/789=2] | 在馆 | |
| 4 | 1128702 | 211287025 | 第三借阅区/ [索取号:U239.5/789=2] | 在馆 | |
| 5 | 1128703 | 211287034 | 第三借阅区/ [索取号:U239.5/789=2] | 在馆 |